Textbook of logistics and supply chain management (Record no. 122812)

MARC details
000 -LEADER
fixed length control field 00536nam a2200217Ia 4500
008 - FIXED-LENGTH DATA ELEMENTS--GENERAL INFORMATION
fixed length control field 210210b2018 xxu||||| |||| 00| 0 eng d
020 ## - INTERNATIONAL STANDARD BOOK NUMBER
International Standard Book Number 9789385750045
041 ## - LANGUAGE CODE
Language code of text/sound track or separate title eng
082 ## - DEWEY DECIMAL CLASSIFICATION NUMBER
Classification number 658.7 AGAT
100 ## - MAIN ENTRY--PERSONAL NAME
Personal name AGARWAL (D K)
245 ## - TITLE STATEMENT
Title Textbook of logistics and supply chain management
260 ## - PUBLICATION, DISTRIBUTION, ETC.
Place of publication, distribution, etc. Bengaluru
Name of publisher, distributor, etc. Trinity Press
Date of publication, distribution, etc. 2018
300 ## - PHYSICAL DESCRIPTION
Extent xvi,356
650 ## - SUBJECT ADDED ENTRY--TOPICAL TERM
Topical term or geographic name entry element Textbook
650 ## - SUBJECT ADDED ENTRY--TOPICAL TERM
Topical term or geographic name entry element supply
650 ## - SUBJECT ADDED ENTRY--TOPICAL TERM
Topical term or geographic name entry element management
650 ## - SUBJECT ADDED ENTRY--TOPICAL TERM
Topical term or geographic name entry element logistics
650 ## - SUBJECT ADDED ENTRY--TOPICAL TERM
Topical term or geographic name entry element chain
690 ## - LOCAL SUBJECT ADDED ENTRY--TOPICAL TERM (OCLC, RLIN)
Topical term or geographic name as entry element Materials Management
906 ## - LOCAL DATA ELEMENT F, LDF (RLIN)
a 073018
Holdings
Withdrawn status Lost status Source of classification or shelving scheme Damaged status Not for loan Collection code Home library Current library Date acquired Source of acquisition Cost, normal purchase price Total Checkouts Full call number Barcode Date last seen Price effective from Koha item type Date last checked out
    Dewey Decimal Classification     Commerce St Aloysius Library St Aloysius Library 02/17/2021 Biblios Book Point, Surathkal-575014 375.00   658.7 AGAT 073019 02/17/2021 02/17/2021 Book  
    Dewey Decimal Classification     Commerce St Aloysius Library St Aloysius Library 02/17/2021 Biblios Book Point, Surathkal-575014 375.00 3 658.7 AGAT 073018 01/30/2026 02/17/2021 Book 11/25/2025